000 00367nam a22001451a 4500
020 _a9788190295949
082 _aH 294.3
_bVIS/B
100 _aVishwajit Kumar
245 _aBauddha dharma ke vikas mein brahmanon ka yogdaan/
_cby Vishwajit Kumar
260 _aPatna:
_bImpression,
_c2006.
300 _a153p.
650 _aBuddhism
650 _aReligion
942 _cBK
999 _c4243
_d4243